Clubs with more UCL titles than Arsenal - Statistics

General Stats
  • This quiz has been taken 10 times
  • The average score is 22 of 24
Answer Stats
Hint Answer % Correct
NL Ajax
100%
ES Barcelona
100%
DE Borussia Dortmund
100%
UK Chelsea
100%
DE FC Bayern Munich
100%
IT Inter Milan
100%
IT Juventus
100%
UK Manchester City
100%
UK Manchester United
100%
FR Marseille
100%
FR Paris Saint-German
100%
ES Real Madrid
100%
IT AC Milan
90%
PT Benfica
90%
SC Celtic
90%
DE Hamburger SV
90%
UK Liverpool
90%
PT Porto
90%
NL PSV Eindhoven
90%
UK Aston Villa
80%
NL Feyenoord
80%
UK Nottingham Forest
80%
RO Red Star Belgrade
70%
RO Steaua București
40%
No matching quizzes found
Score Distribution
Percent of People with Each Score
Percentile by Number Answered
Your Score History
You have not taken this quiz